MARC details
| 000 -LEADER |
| campo de control de longitud fija |
02057nam a2200409 i 4500 |
| 001 - NÚMERO DE CONTROL |
| campo de control |
193292 |
| 003 - IDENTIFICADOR DE NÚMERO DE CONTROL |
| campo de control |
SpMaBN |
| 005 - FECHA Y HORA DE LA ÚLTIMA TRANSACCIÓN |
| campo de control |
20250709195204.0 |
| 007 - CAMPO FIJO DE DESCRIPCIÓN FÍSICA--INFORMACIÓN GENERAL |
| campo de control de longitud fija |
ta |
| 008 - DATOS DE LONGITUD FIJA--INFORMACIÓN GENERAL |
| campo de control de longitud fija |
040920s2004 sp | ||| ||spa |
| 016 7# - NÚMERO DE CONTROL DE UNA AGENCIA BIBLIOGRÁFICA NACIONAL |
| Número de control del registro |
bimoBNE20040841564 |
| Fuente |
SpMaBN |
| 017 ## - NÚMERO DE COPYRIGHT O DE DEPÓSITO LEGAL |
| Número de copyright o de depósito legal |
M 20484-2004 |
| Agencia que asigna |
Oficina Depósito Legal Madrid |
| 020 ## - NÚMERO INTERNACIONAL ESTÁNDAR DEL LIBRO |
| Número Internacional Estándar del Libro |
8495839709 |
| 035 ## - NÚMERO DE CONTROL DEL SISTEMA |
| Número de control de sistema |
(OCoLC)433042608 |
| 035 ## - NÚMERO DE CONTROL DEL SISTEMA |
| Número de control de sistema |
bimo0001970894 |
| 040 ## - FUENTE DE CATALOGACIÓN |
| Centro catalogador/agencia de origen |
SpMaBN |
| Lengua de catalogación |
spa |
| Centro/agencia transcriptor |
SpMaBN |
| Normas de descripción |
rdc |
| 080 ## - NÚMERO DE LA CLASIFICACIÓN DECIMAL UNIVERSAL |
| Número de la Clasificación Decimal Universal |
821.134.2-2"19" |
| 100 1# - ENTRADA PRINCIPAL--NOMBRE DE PERSONA |
| Nombre de persona |
Almodóvar, Pedro, |
| Fechas asociadas al nombre |
1949- |
| Número de control del registro de autoridad o número normalizado |
XX4578342 |
| 9 (RLIN) |
20157 |
| Término indicativo de función/relación |
Autor |
| 245 13 - MENCIÓN DEL TÍTULO |
| Título |
La mala educación / |
| Mención de responsabilidad, etc. |
guión cinematográfico de Pedro Almodóvar |
| 250 ## - MENCION DE EDICION |
| Mención de edición |
Primera edición en la Colección espiral: abril 2004 |
| 260 ## - PUBLICACIÓN, DISTRIBUCIÓN, ETC. |
| Lugar de publicación, distribución, etc. |
Madrid : |
| Nombre del editor, distribuidor, etc. |
Ocho y Medio, |
| Fecha de publicación, distribución, etc. |
2004 |
| 300 ## - DESCRIPCIÓN FÍSICA |
| Extensión |
176 páginas, 31 páginas de láminas (color) ; |
| Dimensiones |
21 cm |
| 336 ## - TIPO DE CONTENIDO |
| Fuente |
rdacontent |
| Término de tipo de contenido |
Texto |
| 337 ## - TIPO DE MEDIO |
| Fuente |
rdamedia |
| Nombre/término del tipo de medio |
sin mediación |
| 338 ## - TIPO DE SOPORTE |
| Fuente |
rdacarrier |
| Nombre/término del tipo de soporte |
volumen |
| 490 1# - MENCIÓN DE SERIE |
| Mención de serie |
Colección espiral ; |
| Designación de volumen o secuencia |
51 |
| 520 ## - RESUMEN, ETC. |
| Sumario, etc. |
La mala educación es el guion cinematográfico, escrito por Pedro Almodóvar, de su película homónima: Dos niños, Ignacio y Enrique, conocen el amor, el cine y el miedo en un colegio religioso a principio de los años 60. El Padre Manolo, director del colegio y su profesor de literatura es testigo y parte de estos descubrimientos. Los tres personajes vuelven a encontrarse dos veces más, a final de los años 70 y en el 80. El reencuentro marcará la vida y la muerte de alguno de ellos. |
| 655 #7 - TERMINO DE INDIZACIÓN--GENERO/FORMA |
| Datos o término principal de género/forma |
Guiones cinematográficos |
| Fuente del término |
tgfbne |
| 9 (RLIN) |
234355 |
| 830 ## - PUNTO DE ACCESO ADICIONAL DE SERIE-TÍTULO UNIFORME |
| Título uniforme |
Colección espiral |
| 9 (RLIN) |
225822 |
| 852 ## - LOCALIZACIÓN |
| Ubicación |
ES-MaACL |
| Sublocalización o colección |
R. 154696 |
| Ubicación en estantería |
Depósito J |
| Donativo/Legado |
Donación: Pedro Almodóvar |
| itemnumber |
200731 |
| Número de control de estantería |
N-9470 |
| Encuadernación |
Encuadernación rústica con solapas |
| 903 ## - NOMBRE PERSONAL DE DONANTE |
| 9 |
20157 |
| a |
Almodóvar, Pedro, |
| d |
1949- |
| e |
Donante |
| 942 ## - ELEMENTOS DE ENTRADA SECUNDARIOS (KOHA) |
| Suprimir en OPAC |
No |
| Tipo de ítem Koha |
Libro impreso |